00840nam a2200193 a 450000100100000000500170001000800410002704000250006811000520009324500290014526000770017430000280025150000200027950001050029904900090040495201050041395201110051899900170062900001643520200929164920.0100305s1945 dr 000 0 spa d aDO-SdBNPbspacBNPHU1 aRepública DominicanabMarina de Guerra93663400aManual de marinería /. aCiudad Trujillo, República Dominicana :bTalleres del Ejercito,c1945. a277 p. :bil. ;c18 cm. aEra de Trujillo aPreparado por un comisión de oficiales designada por el comondante en jefe del Ejército Nacional aBNPD 0010718PDaPDbPDcCTd2010-03-05iLF1l0o p16435-10r2020-06-25w2020-06-25yLFPDZNo se presta 0010718PDaPDbPDcCTd2011-03-24iLF1l0o p16435-20r2020-06-25te. 2w2020-06-25yLFPDZNo se presta c15970d15970